000 00448nam a2200157Ia 4500
008 160316s1965 xxu||||| |||| 00| 0 eng d
082 _a320.973000
_bHAT
100 _aHathorn Guy B
245 _aGovernment and politics in the United States
250 _a2nd
260 _aNew York
_bDivan Nostrand Co. Inc.
_c1965
300 _a816p
_b
_c
365 _bRs.
650 _a1. Politics - Government - U S A
700 _aRenniman Howard R
_aFerber Mark F
999 _c6885
_d6885